Gaming Quiz

Random Gaming or Nintendo Quiz

Color in Pikachu Quiz Stats

 Plays Quiz Updated Jun 6, 2017

Challenge
Share
Tweet
Score 0/17 Timer 05:00
15 Plays Today
% Correct
Gen I
88.1%
Electric
87%
Ash Ketchum
86.4%
Raichu
85%
Pichu
82.7%
Mouse
80.9%
ThunderShock...
77.6%
Hats
75.8%
Yellow
75.7%
% Correct
025
74.9%
Thunder
74.6%
50
69.7%
Pikachu
64.1%
Heart
64%
Friendship
59.3%
Viridian Forest
or Power Plant
55.2%
Volt Tackle
49.4%

You're not logged in!

Compare scores with friends on all Sporcle quizzes.
Join for Free
OR
Log In

You Might Also Like...

Show Comments

Extras

Top Quizzes Today


Score Distribution

Your Account Isn't Verified!

In order to create a playlist on Sporcle, you need to verify the email address you used during registration. Go to your Sporcle Settings to finish the process.

Report this User

Report this user for behavior that violates our Community Guidelines.

Details: